মসজিদের মর্মবাণী / (Record no. 31621)
[ view plain ]
| 000 -LEADER | |
|---|---|
| fixed length control field | 00916nam a22001937a 4500 |
| 003 - CONTROL NUMBER IDENTIFIER | |
| control field | BDDh-ASL |
| 005 - DATE AND TIME OF LATEST TRANSACTION | |
| control field | 20231015031307.0 |
| 008 - FIXED-LENGTH DATA ELEMENTS--GENERAL INFORMATION | |
| fixed length control field | 230402s1982 b ||||| |||| 00| 0 b d |
| 040 ## - CATALOGING SOURCE | |
| Original cataloging agency | BDDh-ASL |
| Transcribing agency | BDDh-ASL |
| 041 ## - LANGUAGE CODE | |
| Language code of text/sound track or separate title | ben |
| 082 ## - DEWEY DECIMAL CLASSIFICATION NUMBER | |
| Classification number | 297.351 |
| Item number | BIM |
| 100 1# - MAIN ENTRY--PERSONAL NAME | |
| Personal name | বিল্লাহ্, কাজী মু'তাছিম |
| 9 (RLIN) | 7840 |
| 245 10 - TITLE STATEMENT | |
| Title | মসজিদের মর্মবাণী / |
| 246 ## - VARYING FORM OF TITLE | |
| Title proper/short title | Masjider Marmabani : The Essence of the Mosque, a collection of Essays compiled in Arabic and Translated into Bengali by Quazi Mo`tasimbillah and Maulana Hafiz Abu Taher. |
| 260 ## - PUBLICATION, DISTRIBUTION, ETC. | |
| Place of publication, distribution, etc. | ঢাকা : |
| Name of publisher, distributor, etc. | ইসলামিক ফাউন্ডেশন বাংলাদেশ, |
| Date of publication, distribution, etc. | 1982. |
| 300 ## - PHYSICAL DESCRIPTION | |
| Extent | 118 p. : |
| Dimensions | 22 cm. |
| 650 #0 - SUBJECT ADDED ENTRY--TOPICAL TERM | |
| Topical term or geographic name entry element | ইসলাম ধর্ম , Isalāma dharma, Islam, Religion, Mohammedism, Mohammadan, Mohammedan, Muhammadan, Islamic Relition, Peace |
| 9 (RLIN) | 747 |
| 942 ## - ADDED ENTRY ELEMENTS (KOHA) | |
| Source of classification or shelving scheme | Dewey Decimal Classification |
| Koha item type | Books |
| Withdrawn status | Lost status | Source of classification or shelving scheme | Damaged status | Not for loan | Collection code | Home library | Current library | Shelving location | Date acquired | Source of acquisition | Total Checkouts | Full call number | Barcode | Date last seen | Copy number | Price effective from | Koha item type | Public note |
|---|---|---|---|---|---|---|---|---|---|---|---|---|---|---|---|---|---|---|
| Dewey Decimal Classification | Non-fiction | Asiatic Society Library | Asiatic Society Library | General Stacks | 04/02/2023 | Donated by Prof. Husniara Huq - A.K.M Azizul Haq Collection | 297.351 BIM | 120332 | 04/02/2023 | C-1 | 04/02/2023 | Books | Y-1982 |